Statistics for Tên các tỉnh thành Việt Nam qua biểu tượng

Click here to take the quiz!

General Stats

  • This quiz has been taken 4 times
  • The average score is 6 of 63

Answer Stats

Biểu tượngTỉnh / thành% Correct
Sơn La
67%
Cà Mau
33%
Cao Bằng
33%
Đăk Lăk
33%
Điện Biên
33%
Đồng Nai
33%
Hà Nội
33%
Lâm Đồng
33%
Lào Cai
33%
Nam Định
33%
Nghệ An
33%
Quảng Ninh
33%
Thái Bình
33%
Thanh Hoá
33%
Thành phố
Hồ Chí Minh
33%
Thừa Thiên
- Huế
33%
An Giang
0%
Bà Rịa -
Vũng Tàu
0%
Bắc Giang
0%
Bắc Kạn
0%
Bạc Liêu
0%
Bắc Ninh
0%
Bình Định
0%
Bình Dương
0%
Bình Phước
0%
Bình Thuận
0%
Bến Tre
0%
Cần Thơ
0%
Đăk Nông
0%
Đà Nẵng
0%
Đồng Tháp
0%
Gia Lai
0%
Hà Giang
0%
Hà Nam
0%
Hà Tĩnh
0%
Hải Dương
0%
Hải Phòng
0%
Hoà Bình
0%
Hậu Giang
0%
Hưng Yên
0%
Khánh Hoà
0%
Kiên Giang
0%
Kon Tum
0%
Lai Châu
0%
Lạng Sơn
0%
Long An
0%
Ninh Bình
0%
Ninh Thuận
0%
Phú Thọ
0%
Phú Yên
0%
Quảng Bình
0%
Quảng Nam
0%
Quảng Ngãi
0%
Quảng Trị
0%
Sóc Trăng
0%
Tây Ninh
0%
Thái Nguyên
0%
Tiền Giang
0%
Trà Vinh
0%
Tuyên Quang
0%
Vĩnh Long
0%
Vĩnh Phúc
0%
Yên Bái
0%

Score Distribution

Percentile by Number Answered

Percent of People with Each Score

Your Score History

You have not taken this quiz